[Event "Salon de Provence op 7th"]
[Site "Salon de Provence"]
[Date "2016.07.12"]
[Round "6"]
[White "Charvein, Gabriel"]
[Black "San Marco, Jean"]
[Result "1/2-1/2"]
[WhiteElo "1951"]
[BlackElo "1817"]
[PlyCount "90"]
[EventDate "2016.07.09"]
[EventType "swiss"]
[EventRounds "9"]
[EventCountry "FRA"]
[SourceTitle "EXT 2019"]
[Source "ChessBase"]
[SourceDate "2018.10.10"]
[SourceVersion "1"]
[SourceVersionDate "2018.10.10"]
[SourceQuality "1"]

1. e4 c5 2. Nf3 Nc6 3. d4 cxd4 4. Nxd4 Nf6 5. Nc3 e5 6. Ndb5 d6 7. Nd5 Nxd5 8. exd5 Nb8 9. c4 Be7 10. Bd3 0-0 11. 0-0 a6 12. Nc3 f5 13. Kh1 e4 14. Bc2 Nd7 15. g4 Nf6 16. f3 fxg4 17. fxe4 Qe8 18. Ne2 Qh5 19. Nf4 Qh4 20. Qe1 Nd7 21. Qxh4 Bxh4 22. Be3 Ne5 23. b3 Bd7 24. Ng2 Be7 25. Bb6 Rf3 26. Rxf3 gxf3 27. Ne3 g6 28. Bd4 Rf8 29. c5 Ng4 30. Nxg4 Bxg4 31. cxd6 Bxd6 32. e5 Be7 33. Bf2 Bh3 34. Re1 Bb4 35. Rd1 Bg2+ 36. Kg1 Bc3 37. Bg3 Bh3 38. e6 Bb4 39. Bd3 Bc5+ 40. Bf2 Bd6 41. Bf1 Bxf1 42. Rxf1 g5 43. Bg3 Bc5+ 44. Bf2 Bd6 45. Bg3 Bc5+ 1/2-1/2

[Event "Montigny le Bretonneux Noel op 12th"]
[Site "Montigny le Bretonneux"]
[Date "2009.12.31"]
[Round "7"]
[White "Fayolle, Guy"]
[Black "San Marco, Jean"]
[Result "0-1"]
[WhiteElo "1850"]
[BlackElo "2010"]
[PlyCount "64"]
[EventDate "2009.12.26"]
[EventType "swiss"]
[EventRounds "7"]
[EventCountry "FRA"]
[SourceTitle "EXT 2011"]
[Source "ChessBase"]
[SourceDate "2010.11.26"]
[SourceVersion "1"]
[SourceVersionDate "2010.11.26"]
[SourceQuality "1"]

1. e4 c5 2. Nf3 Nc6 3. d4 cxd4 4. Nxd4 Nf6 5. Nc3 e5 6. Ndb5 d6 7. Bg5 a6 8. Na3 Be6 9. Bxf6 Qxf6 10. Nd5 Qd8 11. c3 Be7 12. Nc2 0-0 13. a4 Bg5 14. h4 Bh6 15. a5 Bxd5 16. Qxd5 Qf6 17. Rd1 Rfd8 18. Rd3 Ne7 19. Qb3 Qf4 20. Re3 d5 21. g3 Qf6 22. Re2 d4 23. cxd4 exd4 24. Qd3 Nc6 25. f4 Bxf4 26. gxf4 Qxf4 27. Rf2 Qc1+ 28. Qd1 Qxb2 29. Bd3 Ne5 30. Rhf1 Rac8 31. Rg1 Qc3+ 32. Ke2 Nxd3 0-1

[Event "Syre Memorial op 32nd"]
[Site "Issy les Moulineaux"]
[Date "2009.05.23"]
[Round "4"]
[White "Song, Julien"]
[Black "San Marco, Jean"]
[Result "1-0"]
[WhiteElo "2318"]
[BlackElo "2021"]
[PlyCount "55"]
[EventDate "2009.05.21"]
[EventType "swiss"]
[EventRounds "6"]
[EventCountry "FRA"]
[SourceTitle "EXT 2010"]
[Source "ChessBase"]
[SourceDate "2010.11.25"]
[SourceVersion "1"]
[SourceVersionDate "2010.11.25"]
[SourceQuality "1"]

1. d4 e5 2. dxe5 Nc6 3. Nf3 Qe7 4. g3 Nxe5 5. Bg2 Nxf3+ 6. Bxf3 Nf6 7. Nc3 Qd8 8. e4 d6 9. Bf4 Be7 10. Qe2 Nd7 11. 0-0-0 0-0 12. Nd5 Bg5 13. h4 Bxf4+ 14. gxf4 c6 15. Nc3 Qf6 16. Qd2 Nb6 17. Qxd6 Be6 18. f5 Rad8 19. Qg3 Rxd1+ 20. Rxd1 Qh6+ 21. Kb1 Bc4 22. Rd6 f6 23. b3 Ba6 24. Kb2 c5 25. e5 c4 26. e6 Nc8 27. Rd7 Re8 28. Bh5 1-0

[Event "Montigny le Bretonneux Noel op 11th"]
[Site "Montigny le Bretonneux"]
[Date "2008.12.29"]
[Round "5"]
[White "Cheymol, Eric"]
[Black "San Marco, Jean"]
[Result "1-0"]
[WhiteElo "2167"]
[BlackElo "2003"]
[PlyCount "123"]
[EventDate "2008.12.26"]
[EventType "swiss"]
[EventRounds "7"]
[EventCountry "FRA"]
[SourceTitle "EXT 2010"]
[Source "ChessBase"]
[SourceDate "2010.11.25"]
[SourceVersion "1"]
[SourceVersionDate "2010.11.25"]
[SourceQuality "1"]

1. e4 c5 2. c3 d6 3. d4 Nf6 4. Bd3 cxd4 5. cxd4 g6 6. Nc3 Bg7 7. Nf3 0-0 8. 0-0 Bg4 9. h3 Bxf3 10. Qxf3 Nc6 11. Qe3 Nd7 12. d5 Nce5 13. Be2 Nb6 14. b3 Rc8 15. Bb2 Rc5 16. Rac1 e6 17. Ba3 Rxc3 18. Rxc3 exd5 19. Rc2 d4 20. Qd2 Nc6 21. Bb5 d3 22. Bxd3 Nd4 23. Rcc1 Qd7 24. f4 Rd8 25. Kh2 Bh6 26. Bb2 Ne6 27. g3 d5 28. Qg2 d4 29. Rc2 Qd6 30. Qf3 Qe7 31. Bc1 Nd7 32. Bb2 Ndc5 33. Bc4 d3 34. Rd2 Nd4 35. Bxd4 Rxd4 36. e5 Qd8 37. h4 Ne4 38. Rxd3 Nd2 39. Rxd2 Rxd2+ 40. Rf2 Qd4 41. Rg2 Rxg2+ 42. Qxg2 Qd7 43. Qe4 Kf8 44. a4 Qd2+ 45. Kh3 Qd7+ 46. e6 fxe6 47. Bxe6 Qe7 48. f5 gxf5 49. Qxf5+ Kg7 50. g4 Kh8 51. g5 Bg7 52. Kg4 b6 53. Bc4 Bf8 54. h5 Qc5 55. Qf6+ Bg7 56. Qd8+ Bf8 57. h6 Qg1+ 58. Kf5 Qc5+ 59. Ke6 Qe3+ 60. Kf7 Qf4+ 61. Ke8 Bc5 62. Qf6+ 1-0

[Event "Montigny le Bretonneux Noel op 11th"]
[Site "Montigny le Bretonneux"]
[Date "2008.12.27"]
[Round "2"]
[White "Bernier, Stephane"]
[Black "San Marco, Jean"]
[Result "0-1"]
[WhiteElo "1890"]
[BlackElo "2003"]
[PlyCount "124"]
[EventDate "2008.12.26"]
[EventType "swiss"]
[EventRounds "7"]
[EventCountry "FRA"]
[SourceTitle "EXT 2010"]
[Source "ChessBase"]
[SourceDate "2010.11.25"]
[SourceVersion "1"]
[SourceVersionDate "2010.11.25"]
[SourceQuality "1"]

1. d4 Nf6 2. c4 c5 3. d5 b5 4. cxb5 a6 5. bxa6 g6 6. Nc3 d6 7. Nf3 Bxa6 8. g3 Bg7 9. Bg2 0-0 10. 0-0 Nbd7 11. h3 Qb6 12. Qc2 Rfb8 13. Re1 Bc4 14. Nd2 Qa6 15. Rb1 Nb6 16. Nxc4 Nxc4 17. b3 Na3 18. Bxa3 Qxa3 19. Na4 Nd7 20. e3 Rb4 21. Re2 c4 22. Nc3 Rab8 23. Ne4 cxb3 24. axb3 Rxb3 25. Rxb3 Qxb3 26. Qxb3 Rxb3 27. Rc2 Nb6 28. Nd2 Rb5 29. e4 Bd4 30. Nf3 Bc5 31. Ra2 Kg7 32. Bf1 Rb4 33. Bd3 Rb3 34. Be2 Nd7 35. Kg2 Rb1 36. Bd3 Rb4 37. Rc2 Bb6 38. Nd2 Nc5 39. Bc4 Nd7 40. Nf3 Kf6 41. Nd2 Ne5 42. f4 Nxc4 43. Nxc4 Bc5 44. Nd2 h5 45. Nf3 Rxe4 46. Rd2 Ra4 47. Re2 Ra3 48. Ng5 Re3 49. Rxe3 Bxe3 50. Kf3 Bc1 51. Ke4 e6 52. Nf3 Ke7 53. Nh4 g5 54. fxg5 Bxg5 55. Nf3 f5+ 56. Kd3 Bf6 57. dxe6 Kxe6 58. Ke3 Be5 59. Kf2 d5 60. Nxe5 Kxe5 61. Ke3 d4+ 62. Kd3 Kd5 0-1

[Event "Montigny le Bretonneux Noel op 11th"]
[Site "Montigny le Bretonneux"]
[Date "2008.12.26"]
[Round "1"]
[White "San Marco, Jean"]
[Black "Vedrunes, Jean"]
[Result "1-0"]
[WhiteElo "2003"]
[BlackElo "1759"]
[PlyCount "57"]
[EventDate "2008.12.26"]
[EventType "swiss"]
[EventRounds "7"]
[EventCountry "FRA"]
[SourceTitle "EXT 2010"]
[Source "ChessBase"]
[SourceDate "2010.11.25"]
[SourceVersion "1"]
[SourceVersionDate "2010.11.25"]
[SourceQuality "1"]

1. d4 e6 2. e4 d5 3. Nc3 Bb4 4. Qd3 dxe4 5. Qxe4 Nf6 6. Qh4 c5 7. dxc5 Bxc3+ 8. bxc3 Qa5 9. Qb4 Nc6 10. Bb5 Qc7 11. Nf3 0-0 12. Qh4 Ne5 13. Be3 Nxf3+ 14. gxf3 Qe5 15. Bd3 Rd8 16. Rd1 Qxc3+ 17. Ke2 Rd5 18. Rhg1 g6 19. Rg5 Rxg5 20. Qxg5 Nd5 21. Be4 f6 22. Qh6 Qc4+ 23. Ke1 Qb4+ 24. Kf1 Qc4+ 25. Bd3 Nxe3+ 26. fxe3 Qxc5 27. Bxg6 Qb5+ 28. Kf2 hxg6 29. Rd8+ 1-0

[Event "Montigny le Bretonneux Noel op 10th"]
[Site "Montigny le Bretonneux"]
[Date "2007.11.03"]
[Round "8"]
[White "Plantet, Marc"]
[Black "San Marco, Jean"]
[Result "1/2-1/2"]
[WhiteElo "1927"]
[BlackElo "2039"]
[PlyCount "151"]
[EventDate "2007.12.26"]
[EventType "swiss"]
[EventRounds "7"]
[EventCountry "FRA"]
[SourceTitle "EXT 2008"]
[Source "ChessBase"]
[SourceDate "2007.11.25"]
[SourceVersion "1"]
[SourceVersionDate "2007.11.25"]
[SourceQuality "1"]

1. e4 b6 2. Bc4 e6 3. Nf3 Bb7 4. d3 d6 5. 0-0 Be7 6. Nc3 Nf6 7. Bf4 0-0 8. Re1 Nbd7 9. Qe2 e5 10. Bd2 Nc5 11. Rad1 a5 12. Bg5 h6 13. Be3 Qd7 14. h3 Qe8 15. Qd2 Ne6 16. Bxh6 gxh6 17. Qxh6 Nh7 18. d4 exd4 19. Nxd4 Bg5 20. Qh5 Nf4 21. Qg4 Bc8 22. Nf5 Kh8 23. Nd5 Nxd5 24. exd5 Qd8 25. Bd3 Qf6 26. h4 Bxf5 27. Bxf5 Bh6 28. Qh5 Rae8 29. g4 Rg8 30. Bxh7 Kxh7 31. Rxe8 Rxe8 32. g5 Qg6 33. Qxh6+ Qxh6 34. gxh6 Kxh6 35. Rd4 Kh5 36. Kg2 Re5 37. a4 Re2 38. Rc4 Re7 39. Kg3 f5 40. c3 Rg7+ 41. Kh3 Re7 42. b4 Re5 43. Rd4 Re2 44. bxa5 bxa5 45. Kg3 Re1 46. Rf4 Rg1+ 47. Kh3 Rh1+ 48. Kg2 Rxh4 49. Kg3 Rxf4 50. Kxf4 Kg6 51. Ke3 Kg5 52. Kd4 Kf4 53. Kc4 Kf3 54. Kb5 Kxf2 55. Kxa5 f4 56. Kb4 f3 57. a5 Ke3 58. a6 f2 59. a7 f1Q 60. a8Q Qb1+ 61. Kc4 Qd3+ 62. Kb4 Qb1+ 63. Kc4 Kd2 64. Qc6 Qd3+ 65. Kb4 Qb1+ 66. Kc4 Qa2+ 67. Kd4 Qa7+ 68. Kc4 Qa5 69. Kb3 Qa7 70. Qc4 Qb6+ 71. Qb4 Qe3 72. Qa5 Qd3 73. Qa2+ Ke3 74. Kb4 Qe4+ 75. c4 Qd4 76. Qa3+ 1/2-1/2

[Event "Montigny le Bretonneux Noel op 10th"]
[Site "Montigny le Bretonneux"]
[Date "2007.10.31"]
[Round "5"]
[White "San Marco, Jean"]
[Black "Hogrel, Nicolas"]
[Result "1-0"]
[WhiteElo "2039"]
[BlackElo "2054"]
[PlyCount "61"]
[EventDate "2007.12.26"]
[EventType "swiss"]
[EventRounds "7"]
[EventCountry "FRA"]
[SourceTitle "EXT 2008"]
[Source "ChessBase"]
[SourceDate "2007.11.25"]
[SourceVersion "1"]
[SourceVersionDate "2007.11.25"]
[SourceQuality "1"]

1. d4 Nf6 2. Nf3 d5 3. Bf4 Bf5 4. e3 e6 5. Bd3 Bxd3 6. Qxd3 c6 7. Nbd2 Bd6 8. Ne5 Bxe5 9. Bxe5 0-0 10. 0-0 Nbd7 11. Bd6 Re8 12. f4 Rc8 13. Ba3 c5 14. c4 Rc6 15. b3 Qc7 16. Rf3 a6 17. Rh3 b5 18. dxc5 Nxc5 19. Qe2 bxc4 20. bxc4 dxc4 21. Nxc4 Nce4 22. Ne5 Rc2 23. Qxa6 Rxg2+ 24. Kxg2 Qc2+ 25. Kg1 Qf2+ 26. Kh1 Qd2 27. Rf3 Nf2+ 28. Rxf2 Qxf2 29. Qa7 Rc8 30. Qxf7+ Kh8 31. Qxe6 1-0

[Event "Syre Memorial op 30th"]
[Site "Issy les Moulineaux"]
[Date "2007.05.20"]
[Round "6"]
[White "Calistri, Tristan"]
[Black "San Marco, Jean"]
[Result "1-0"]
[WhiteElo "2368"]
[BlackElo "2088"]
[PlyCount "47"]
[EventDate "2007.05.17"]
[EventType "swiss"]
[EventRounds "6"]
[EventCountry "FRA"]
[SourceTitle "EXT 2008"]
[Source "ChessBase"]
[SourceDate "2007.11.25"]
[SourceVersion "1"]
[SourceVersionDate "2007.11.25"]
[SourceQuality "1"]

1. e4 c5 2. Nf3 Nc6 3. d4 cxd4 4. Nxd4 Nf6 5. Nc3 e5 6. Ndb5 d6 7. Bg5 a6 8. Na3 Be6 9. Nc4 Rc8 10. Nd5 Bxd5 11. Bxf6 gxf6 12. Qxd5 Nb4 13. Qd2 d5 14. exd5 Nxc2+ 15. Qxc2 b5 16. 0-0-0 bxc4 17. Bxc4 Bd6 18. Kb1 Qc7 19. Rc1 Rb8 20. Qe2 Qb6 21. Bxa6 Bc5 22. Rc2 0-0 23. Bd3 Bd4 24. Qg4+ 1-0

[Event "Syre Memorial op 27th"]
[Site "Issy les Moulineaux"]
[Date "2004.05.22"]
[Round "5"]
[White "Shirazi, Kamran"]
[Black "San Marco, Jean"]
[Result "1-0"]
[WhiteElo "2426"]
[BlackElo "2111"]
[PlyCount "47"]
[EventDate "2004.05.20"]
[EventType "swiss"]
[EventRounds "6"]
[EventCountry "FRA"]
[SourceTitle "CBM 100 Extra"]
[Source "ChessBase"]
[SourceDate "2004.07.06"]
[SourceVersion "2"]
[SourceVersionDate "2004.07.06"]
[SourceQuality "1"]

1. e4 c5 2. Nf3 Nc6 3. d4 cxd4 4. c3 d5 5. exd5 Qxd5 6. cxd4 e6 7. Nc3 Qd8 8. Bb5 Bb4 9. Qa4 Bd7 10. 0-0 Bxc3 11. bxc3 Nge7 12. Qc2 Rc8 13. Rb1 0-0 14. Bd3 f5 15. Rxb7 Nd5 16. Bd2 Nb6 17. c4 Ra8 18. d5 exd5 19. cxd5 Ne7 20. d6 Ng6 21. Bg5 Ba4 22. Qc3 Rf6 23. Bxf6 gxf6 24. Bc4+ 1-0

[Event "Syre Memorial op 27th"]
[Site "Issy les Moulineaux"]
[Date "2004.05.21"]
[Round "4"]
[White "San Marco, Jean"]
[Black "Dussol, Pierre"]
[Result "1-0"]
[WhiteElo "2111"]
[BlackElo "2226"]
[PlyCount "61"]
[EventDate "2004.05.20"]
[EventType "swiss"]
[EventRounds "6"]
[EventCountry "FRA"]
[SourceTitle "CBM 100 Extra"]
[Source "ChessBase"]
[SourceDate "2004.07.06"]
[SourceVersion "2"]
[SourceVersionDate "2004.07.06"]
[SourceQuality "1"]

1. d4 Nf6 2. Nf3 g6 3. Bf4 Bg7 4. e3 0-0 5. Be2 d6 6. h3 b6 7. 0-0 c5 8. c3 Bb7 9. Nbd2 Nc6 10. Bh2 Re8 11. e4 cxd4 12. cxd4 e5 13. d5 Ne7 14. Bb5 Rf8 15. Re1 Nh5 16. Qb3 h6 17. Rad1 Kh8 18. Nc4 f5 19. Bc6 Rb8 20. Qa3 Nc8 21. Nfxe5 dxe5 22. Nxe5 f4 23. Nxg6+ Kh7 24. Nxf8+ Qxf8 25. Qxf8 Bxf8 26. e5 Bxc6 27. dxc6 Ne7 28. Rd7 Ng7 29. c7 Rc8 30. Rd8 Rxc7 31. Rxf8 1-0

[Event "Paris Apsap op 69th"]
[Site "Paris"]
[Date "2003.12.28"]
[Round "2"]
[White "San Marco, Jean"]
[Black "Cantero Rey, Jesus Manuel"]
[Result "1-0"]
[WhiteElo "2123"]
[BlackElo "1920"]
[PlyCount "53"]
[EventDate "2003.12.31"]
[EventType "swiss"]
[EventRounds "7"]
[EventCountry "FRA"]
[SourceTitle "EXT 2005"]
[Source "ChessBase"]
[SourceDate "2004.11.15"]
[SourceVersion "1"]
[SourceVersionDate "2004.11.15"]
[SourceQuality "1"]

1. d4 f5 2. Nf3 e6 3. Bf4 b6 4. e3 Bb7 5. Nbd2 Nf6 6. Bd3 g6 7. Qe2 Bg7 8. 0-0 0-0 9. c4 d6 10. b4 c5 11. bxc5 bxc5 12. Rab1 Bc6 13. Ng5 Qe7 14. Nxe6 Qxe6 15. d5 Nxd5 16. cxd5 Bxd5 17. Nc4 Rd8 18. Rfd1 Nc6 19. Nxd6 Be5 20. Bxe5 Nxe5 21. Nb7 Rdc8 22. e4 Nxd3 23. Qxd3 Bxe4 24. Qe3 Qxa2 25. Ra1 Qc4 26. Nd6 Qc2 27. Rd2 1-0

[Event "Syre Memorial op 26th"]
[Site "Issy les Moulineaux"]
[Date "2003.05.31"]
[Round "4.15"]
[White "Piot, Olivier"]
[Black "San Marco, Jean"]
[Result "1-0"]
[WhiteElo "2212"]
[BlackElo "2111"]
[PlyCount "95"]
[EventDate "2003.05.29"]
[EventType "swiss"]
[EventRounds "6"]
[EventCountry "FRA"]
[SourceTitle "CBM 094 Extra"]
[Source "ChessBase"]
[SourceDate "2003.07.09"]
[SourceVersion "2"]
[SourceVersionDate "2003.07.09"]
[SourceQuality "1"]

1. d4 Nf6 2. c4 c5 3. d5 b5 4. cxb5 a6 5. bxa6 g6 6. Nc3 Bxa6 7. g3 d6 8. Bg2 Bg7 9. Nf3 Nbd7 10. Rb1 0-0 11. 0-0 Ra7 12. Re1 Qa8 13. b3 Rb8 14. a4 Ng4 15. Bd2 Rab7 16. Na2 Qa7 17. h3 Nge5 18. Nxe5 Nxe5 19. Qc2 Qb6 20. Kh2 Rc7 21. f4 Nd7 22. Bc3 Bxc3 23. Qxc3 Rbc8 24. e4 Bb7 25. Ra1 h5 26. e5 h4 27. gxh4 c4 28. b4 Qf2 29. Qg3 Qxg3+ 30. Kxg3 c3 31. a5 Kg7 32. Rac1 dxe5 33. fxe5 Rc4 34. e6 Nf6 35. exf7 Kxf7 36. d6 Be4 37. d7 Rd8 38. Rxc3 Rxc3+ 39. Nxc3 Nh5+ 40. Kh2 Bxg2 41. Kxg2 Rxd7 42. b5 Rd3 43. b6 Nf4+ 44. Kf2 Rxc3 45. b7 Rb3 46. a6 Nxh3+ 47. Ke2 Nf4+ 48. Kd2 1-0

[Event "Syre Memorial op 26th"]
[Site "Issy les Moulineaux"]
[Date "2003.05.29"]
[Round "1.9"]
[White "San Marco, Jean"]
[Black "Glicenstein, Asher"]
[Result "0-1"]
[WhiteElo "2111"]
[BlackElo "2298"]
[PlyCount "44"]
[EventDate "2003.05.29"]
[EventType "swiss"]
[EventRounds "6"]
[EventCountry "FRA"]
[SourceTitle "CBM 094 Extra"]
[Source "ChessBase"]
[SourceDate "2003.07.09"]
[SourceVersion "2"]
[SourceVersionDate "2003.07.09"]
[SourceQuality "1"]

1. d4 Nf6 2. Nf3 c5 3. c3 b6 4. Bf4 Bb7 5. e3 g6 6. Be2 Bg7 7. h3 d6 8. 0-0 0-0 9. Nbd2 Nbd7 10. a4 a6 11. Qb3 e5 12. Bh2 cxd4 13. cxd4 Ne4 14. Nxe4 Bxe4 15. Rfd1 Qe7 16. dxe5 dxe5 17. Rac1 Rfc8 18. Nd2 Bc6 19. Bg4 h5 20. Bxd7 Qxd7 21. Qxb6 Bxa4 22. Rxc8+ Rxc8 0-1

[Event "Paris Apsap op 56th"]
[Site "Paris"]
[Date "2002.10.31"]
[Round "6"]
[White "San Marco, Jean"]
[Black "Bianchi, Guillaume"]
[Result "0-1"]
[WhiteElo "2131"]
[BlackElo "2218"]
[PlyCount "64"]
[EventDate "2002.11.05"]
[EventType "swiss"]
[EventRounds "9"]
[EventCountry "FRA"]
[SourceTitle "CBM 091 Extra"]
[Source "ChessBase"]
[SourceDate "2003.01.09"]
[SourceVersion "1"]
[SourceVersionDate "2003.01.09"]
[SourceQuality "1"]

1. d4 Nf6 2. Nf3 c5 3. c3 d5 4. Bf4 Nc6 5. e3 Qb6 6. Qb3 c4 7. Qxb6 axb6 8. Nbd2 b5 9. Be2 Bf5 10. 0-0 b4 11. Ne5 bxc3 12. bxc3 h6 13. Bf3 Na5 14. g4 Bh7 15. h4 e6 16. g5 hxg5 17. hxg5 Ne4 18. Nxe4 Bxe4 19. Bxe4 dxe4 20. f3 exf3 21. Rxf3 Nb3 22. Rd1 Rxa2 23. Nxc4 Rc2 24. e4 Rh4 25. Bd6 Rxe4 26. Bxf8 Rg4+ 27. Kh1 Kxf8 28. Rxf7+ Kxf7 29. Ne5+ Ke7 30. Nxg4 Rxc3 31. Kh2 Kd6 32. Ne5 b5 0-1

[Event "Syre Memorial op 25th"]
[Site "Issy les Moulineaux"]
[Date "2002.05.09"]
[Round "3"]
[White "Aouizerate, Robert"]
[Black "San Marco, Jean"]
[Result "0-1"]
[WhiteElo "2011"]
[BlackElo "2125"]
[PlyCount "46"]
[EventDate "2002.05.08"]
[EventType "swiss"]
[EventRounds "7"]
[EventCountry "FRA"]
[SourceTitle "EXT 2004"]
[Source "ChessBase"]
[SourceDate "2003.11.25"]
[SourceVersion "1"]
[SourceVersionDate "2003.11.25"]
[SourceQuality "1"]

1. d4 Nf6 2. c4 c5 3. d5 b5 4. Nf3 g6 5. cxb5 a6 6. Nc3 Bg7 7. e4 d6 8. Qc2 0-0 9. a4 axb5 10. Bxb5 Na6 11. 0-0 Nb4 12. Qe2 Bb7 13. Bc4 Nd7 14. Be3 Qa5 15. Rfc1 Nb6 16. Nd2 Ba6 17. Bxa6 Qxa6 18. Qxa6 Rxa6 19. a5 Rfa8 20. axb6 Rxa1 21. Rxa1 Rxa1+ 22. Ndb1 Bxc3 23. bxc3 Rxb1+ 0-1

[Event "Syre Memorial op 25th"]
[Site "Issy les Moulineaux"]
[Date "2002.05.08"]
[Round "1"]
[White "Trommsdorf, Fro"]
[Black "San Marco, Jean"]
[Result "1/2-1/2"]
[WhiteElo "2194"]
[BlackElo "2125"]
[PlyCount "55"]
[EventDate "2002.05.08"]
[EventType "swiss"]
[EventRounds "7"]
[EventCountry "FRA"]
[SourceTitle "EXT 2004"]
[Source "ChessBase"]
[SourceDate "2003.11.25"]
[SourceVersion "1"]
[SourceVersionDate "2003.11.25"]
[SourceQuality "1"]

1. d4 Nf6 2. c4 c5 3. d5 b5 4. cxb5 a6 5. bxa6 g6 6. Nc3 Bxa6 7. e4 Bxf1 8. Kxf1 d6 9. Nf3 Nbd7 10. h3 Bg7 11. Kg1 Qb6 12. a4 0-0 13. Qc2 Rfb8 14. Nb5 Ne8 15. Be3 Nc7 16. Nxc7 Qxc7 17. Bd4 Qb6 18. Bxg7 Kxg7 19. Ra2 Qb3 20. Qxb3 Rxb3 21. Nd2 Rb4 22. b3 c4 23. Nxc4 Rxb3 24. Kh2 Rb4 25. Rc1 Rbxa4 26. Rxa4 Rxa4 27. f3 Ra2 28. Ne3 1/2-1/2

[Event "Paris Apsap op 52nd"]
[Site "Paris"]
[Date "2002.04.13"]
[Round "1"]
[White "Mascle, Jean Guy"]
[Black "San Marco, Jean"]
[Result "1/2-1/2"]
[WhiteElo "1949"]
[BlackElo "2125"]
[PlyCount "45"]
[EventDate "2002.04.17"]
[EventType "swiss"]
[EventRounds "9"]
[EventCountry "FRA"]
[SourceTitle "EXT 2003"]
[Source "ChessBase"]
[SourceDate "2002.11.25"]
[SourceVersion "1"]
[SourceVersionDate "2002.11.25"]
[SourceQuality "1"]

1. e4 c5 2. f4 d5 3. Nc3 e6 4. Nf3 Nc6 5. Bb5 Nge7 6. 0-0 a6 7. Bxc6+ Nxc6 8. Qe1 Be7 9. d3 0-0 10. Ne5 Nd4 11. Qf2 b6 12. Nf3 Bb7 13. exd5 Nxf3+ 14. Qxf3 exd5 15. f5 b5 16. Ne2 Qd7 17. d4 Rac8 18. c3 Bf6 19. Qg4 Rfe8 20. Bg5 Bxg5 21. Qxg5 Qe7 22. Qxe7 Rxe7 23. Rfe1 1/2-1/2

[Event "Paris-ch op"]
[Site "Paris"]
[Date "1999.07.17"]
[Round "1"]
[White "San Marco, Jean"]
[Black "Sokolov, Andrei"]
[Result "0-1"]
[WhiteElo "2138"]
[BlackElo "2543"]
[PlyCount "44"]
[EventDate "1999.07.17"]
[EventType "swiss"]
[EventRounds "9"]
[EventCountry "FRA"]
[SourceTitle "EXT 2000"]
[Source "ChessBase"]
[SourceDate "1999.11.16"]
[SourceVersion "1"]
[SourceVersionDate "1999.11.16"]
[SourceQuality "1"]

1. e4 c5 2. c3 d5 3. exd5 Qxd5 4. d4 g6 5. Nf3 Bg7 6. Be2 Nh6 7. 0-0 Nf5 8. Na3 0-0 9. Bc4 Qc6 10. Qb3 Nd7 11. Bf4 cxd4 12. cxd4 Nxd4 13. Nxd4 Bxd4 14. Bh6 Nc5 15. Qb4 Rd8 16. Rac1 b6 17. Bb5 Qe4 18. Kh1 Bb7 19. f3 Qh4 20. Rcd1 a5 21. Qd2 Ne6 22. g3 Qh5 0-1

[Event "Syre Memorial op 19th"]
[Site "Issy les Moulineaux"]
[Date "1996.??.??"]
[Round "1"]
[White "San Marco, Jean"]
[Black "Charreteur, Fabrice"]
[Result "1-0"]
[WhiteElo "2180"]
[BlackElo "1910"]
[PlyCount "107"]
[EventDate "1996.05.??"]
[EventType "swiss"]
[EventRounds "6"]
[EventCountry "FRA"]
[SourceTitle "EXT 2005"]
[Source "ChessBase"]
[SourceDate "2004.11.15"]
[SourceVersion "1"]
[SourceVersionDate "2004.11.15"]
[SourceQuality "1"]

1. e4 c5 2. c3 Nf6 3. e5 Nd5 4. d4 cxd4 5. Nf3 Nc6 6. Bc4 Nb6 7. Bb3 d6 8. exd6 Qxd6 9. 0-0 Be6 10. Na3 Bxb3 11. Qxb3 Qd5 12. Nb5 Qxb3 13. axb3 Rc8 14. Bf4 Nd5 15. Bg3 dxc3 16. bxc3 a6 17. c4 axb5 18. cxd5 Nb4 19. Ra7 Nxd5 20. Rxb7 b4 21. Ne5 f6 22. Nc4 Rc6 23. Re1 Kf7 24. Bd6 Kg6 25. Bxb4 Nxb4 26. Rxb4 e5 27. Rb8 h5 28. Ra1 Kf7 29. Raa8 g6 30. Kf1 e4 31. Rb7+ Kg8 32. Re8 f5 33. Ne5 Rf6 34. Nd7 Rf7 35. Rxf8+ Rxf8 36. Nxf8 Rh6 37. Ne6 h4 38. b4 h3 39. Rb8+ Kf7 40. Ng5+ Kf6 41. Nxh3 Ke5 42. Rb6 Rh8 43. Ke2 Ra8 44. Rb5+ Kd6 45. Ra5 Rb8 46. b5 Kc5 47. Ke3 Kb4 48. Ra1 Kc3 49. Rc1+ Kb4 50. Kf4 Rg8 51. Rb1+ Kc5 52. b6 Kd4 53. b7 Rb8 54. Ng5 1-0